Deliberate practice in psychodynamic psychotherapy (Record no. 1436025)

MARC details
000 -LEADER
fixed length control field 01035 a2200277 4500
005 - DATE AND TIME OF LATEST TRANSACTION
control field 20251208153043.0
008 - FIXED-LENGTH DATA ELEMENTS--GENERAL INFORMATION
fixed length control field 251208b |||||||| |||| 00| 0 eng d
020 ## - INTERNATIONAL STANDARD BOOK NUMBER
International Standard Book Number 9781433836732 (pbk)
037 ## - SOURCE OF ACQUISITION
Terms of availability TB
040 ## - CATALOGING SOURCE
Original cataloging agency CRL
Transcribing agency CRL
041 ## - LANGUAGE CODE
Source of code eng
Language code of text/sound track or separate title eng
084 ## - COLON CLASSIFICATION NUMBER
Classification number SN1:5-86 R3
Assigning agency CRL
100 ## - MAIN ENTRY--PERSONAL NAME
Personal name Levenson, Hanna
9 (RLIN) 822248
245 ## - TITLE STATEMENT
Title Deliberate practice in psychodynamic psychotherapy
260 ## - PUBLICATION, DISTRIBUTION, ETC.
Place of publication, distribution, etc. Washington, USA:
Name of publisher, distributor, etc. American Psychological Association,
Date of publication, distribution, etc. 2023.
300 ## - PHYSICAL DESCRIPTION
Extent xv, 279p.
365 ## - TRADE PRICE
Price amount 43.99
Currency code USD
490 ## - SERIES STATEMENT
Series statement Essentials of deliberate practice series. Editor Tony Rousmaniere and Alexandre Vaz
650 ## - SUBJECT ADDED ENTRY--TOPICAL TERM
Topical term or geographic name entry element Psychology
9 (RLIN) 855273
650 ## - SUBJECT ADDED ENTRY--TOPICAL TERM
Topical term or geographic name entry element Psycho - Therapy
9 (RLIN) 855274
650 ## - SUBJECT ADDED ENTRY--TOPICAL TERM
Topical term or geographic name entry element Behoviours
9 (RLIN) 855275
700 ## - ADDED ENTRY--PERSONAL NAME
Personal name Gay, Volney
Relator term author.
9 (RLIN) 855276
700 ## - ADDED ENTRY--PERSONAL NAME
Personal name Binder, Jeffrey L.
Relator term author.
9 (RLIN) 855277
942 ## - ADDED ENTRY ELEMENTS (KOHA)
Koha item type Textbook
Source of classification or shelving scheme Colon Classification (CC)
Suppress in OPAC No
Classification part SN1:5-86 R3
Holdings
Withdrawn status Lost status Source of classification or shelving scheme Damaged status Not for loan Home library Current library Date acquired Source of acquisition Cost, normal purchase price Inventory number Total Checkouts Full call number Barcode Date last seen Cost, replacement price Price effective from Koha item type
    Colon Classification (CC)     Central Library Central Library 2025-11-06 84/ Knowledge Warehouse 3122.23 4338 & 2025-10-31   SN1:5-86 R3 CL1924481 2025-11-06 3902.79 2025-11-06 Textbook
Copyright @ Delhi University Library System